00505nam a2200157Ia 4500100003100000650001400031942000700045366000700052245005300059260003500112082001300147300000800160546002300168999001700191952013900208 aBiswas/Gautam/ Chopra/K.L  aEducation cBK f20 aProfile of Engineering Education in India:Status bNarosa Publication Housec2010 a620bBIS a236 aENGLISHcComputers c28682d28682 001040708CRCaCRCEbCRCEd2023-03-17eBook Baseg440.00i10809 dt 26/04/2011l0o620 BISp21591r2023-03-17v550.00w0000-00-00yBK